The palace of illusions : (Record no. 16252)

MARC details
000 -LEADER
fixed length control field 02776nam a22003857a 4500
005 - DATE AND TIME OF LATEST TRANSACTION
control field 20081006121015.0
008 - FIXED-LENGTH DATA ELEMENTS--GENERAL INFORMATION
fixed length control field 081006t xxu||||| |||| 00| f eng d
010 ## - LCCN (DPL NO)
LC control number B-318072 B-312523-532
020 ## - INTERNATIONAL STANDARD BOOK NUMBER
International Standard Book Number 9780330458511
Terms of availability 495.00
035 ## - SYSTEM CONTROL NUMBER
System control number B-318072
035 ## - SYSTEM CONTROL NUMBER
System control number B-312523-532
035 ## - SYSTEM CONTROL NUMBER
System control number B-358651
037 ## - SOURCE OF ACQUISITION
Source of stock number/acquisition UBH
040 ## - CATALOGING SOURCE
Original cataloging agency dpl
Language of cataloging English
082 ## - DEWEY DECIMAL CLASSIFICATION NUMBER
Classification number N
100 ## - MAIN ENTRY--PERSONAL NAME
Personal name Divakaruni, Chitra Banerjee
245 ## - TITLE STATEMENT
Title The palace of illusions :
Remainder of title a novel /
Statement of responsibility, etc by Chitra Banerjee Divakaruni
260 ## - PUBLICATION, DISTRIBUTION, ETC. (IMPRINT)
Place of publication, distribution, etc London
Name of publisher, distributor, etc Picador
Date of publication, distribution, etc 2008
270 ## - ADDRESS
Address 20 New Wharf Road
City London
Postal code N1 9RR
300 ## - PHYSICAL DESCRIPTION
Extent xv,360p.
Dimensions 22cm. (Hb)
942 ## - ADDED ENTRY ELEMENTS (KOHA)
Source of classification or shelving scheme Dewey Decimal Classification
Item type English Books
Classification part N
Call number suffix DIV
Holdings
Withdrawn status Lost status Source of classification or shelving scheme Damaged status Not for loan Collection code Home library Current library Date acquired Source of acquisition Cost, normal purchase price Total Checkouts Total Renewals Full call number Barcode Date last seen Copy number Cost, replacement price Koha item type Checked out
Withdrawn   Dewey Decimal Classification     Fiction Andrews Gunj Andrews Gunj 26/05/2009 UBH/313/19.1.09/267/12.12.08/20.1.09 495.00     N DIV B-312527 26/05/2009 1 495.00 English Books  
    Dewey Decimal Classification     Fiction Bawana Bawana 26/05/2009 UBH/313/19.1.09/267/12.12.08/20.1.09 495.00 4   N DIV B-312529 28/09/2024 1 495.00 English Books  
    Dewey Decimal Classification     Fiction Bawana Bawana 26/05/2009 UBH/313/19.1.09/267/12.12.08/20.1.09 495.00 9 3 N DIV B-312531 22/12/2021 1 495.00 English Books  
    Dewey Decimal Classification     Fiction Central Library Central Library 27/04/2009 UBH/357/5.3.09/267/12.12.08/12.3.09 495.00 3 1 N DIV B-318072 10/02/2023 1 495.00 English Books  
    Dewey Decimal Classification     Fiction Narela Narela 26/05/2009 UBH/313/19.1.09/267/12.12.08/20.1.09 495.00     N DIV B-312530 26/05/2009 1 495.00 English Books  
    Dewey Decimal Classification     Fiction Patel Nagar Patel Nagar 26/05/2009 UBH/313/19.1.09/267/12.12.08/20.1.09 495.00     N DIV B-312523 26/05/2009 1 495.00 English Books  
    Dewey Decimal Classification     Fiction Peshwa Road Peshwa Road 26/05/2009 UBH/313/19.1.09/267/12.12.08/20.1.09 495.00     N DIV B-312524 26/05/2009 1 495.00 English Books  
    Dewey Decimal Classification     Fiction R.K.Puram-8 R.K.Puram-8 26/05/2009 UBH/313/19.1.09/267/12.12.08/20.1.09 495.00 11 6 N DIV B-312526 13/04/2026 1 495.00 English Books  
    Dewey Decimal Classification     Fiction Sarojini Nagar Sarojini Nagar 26/05/2009 UBH/313/19.1.09/267/12.12.08/20.1.09 495.00 25 1 N DIV B-312525 06/06/2018 1 495.00 English Books  
    Dewey Decimal Classification     Fiction Shahdara Branch Shahdara Branch 26/05/2009 UBH/313/19.1.09/267/12.12.08/20.1.09 495.00 17 11 N DIV B-312532 27/06/2026 1 495.00 English Books 11/07/2026
    Dewey Decimal Classification     Fiction Vinoba Puri Vinoba Puri 26/05/2009 UBH/313/19.1.09/267/12.12.08/20.1.09 495.00 17 8 N DIV B-312528 29/08/2016 1 495.00 English Books  

© Delhi Public Library
Hit Counter
free hit counter